Mot mystérieux - Série 55 - Statistiques

Statistiques générales
  • Ce quiz a été pris 83 fois
  • Le résultat moyen est 7 sur 10
Statistiques - réponses
Question Réponse % Correct
Pan - traversière - bec - champagne flûte
87%
métro - ski - essence - lavage station
87%
bâton - nautique - forfait- station ski
84%
poudre - serrure - boulet - chair canon
83%
bouche - lance - forêt - foyer incendie
67%
albacore - rouge - boîte - germon thon
63%
salope - bain- claire- vierge marie
59%
ange - paix - square - prison gardien
56%
hôtel - cas - cours - partenaire particulier
47%
pauvreté - tolérance - porte - imposition seuil
34%
Aucun quiz correspondant
Distribution des résultats
% des personnes avec chaque résultat
Percentile par nombre de réponses
Votre historique - résultats
Vous n’avez pas pris ce quiz